Capital markets and securities laws / (Record no. 101762)

MARC details
000 -LEADER
fixed length control field 00622nam a22001937a 4500
005 - DATE AND TIME OF LATEST TRANSACTION
control field 20160803123925.0
010 ## - LCCN (DPL NO)
LC control number ENG-115515
020 ## - INTERNATIONAL STANDARD BOOK NUMBER
International Standard Book Number 9789351437987
Terms of availability 495.00
035 ## - SYSTEM CONTROL NUMBER
System control number EN-99047
037 ## - SOURCE OF ACQUISITION
Source of stock number/acquisition DBAD/PUB
082 ## - DEWEY DECIMAL CLASSIFICATION NUMBER
Classification number 346.540926
100 ## - MAIN ENTRY--PERSONAL NAME
Personal name Vohra,Amit
245 ## - TITLE STATEMENT
Title Capital markets and securities laws /
Statement of responsibility, etc by Amit Vohra
Remainder of title [CS executive: module II paper VI]
250 ## - EDITION STATEMENT
Edition statement 2nd ed.
260 ## - PUBLICATION, DISTRIBUTION, ETC. (IMPRINT)
Place of publication, distribution, etc Gurgaon
Name of publisher, distributor, etc Lexis Nexis
Date of publication, distribution, etc 2016
270 ## - ADDRESS
Address 14th Floor, Building No 10, Tower-B, DLF Cyber City, Phase-ll,
City Gurgaon
Postal code 122002
300 ## - PHYSICAL DESCRIPTION
Extent v,410p.
Dimensions 24cm(pbk)
942 ## - ADDED ENTRY ELEMENTS (KOHA)
Source of classification or shelving scheme Dewey Decimal Classification
Item type English Books
Call number suffix VOH
Classification part 346.540926
Holdings
Withdrawn status Lost status Not for loan Collection code Home library Current library Date acquired Source of acquisition Cost, normal purchase price Full call number Barcode Copy number Cost, replacement price Koha item type
    Not For Loan Non-fiction D.B.Act.Division Bawana 03/08/2016 DBAD/PUB 495.00 346.540926 VOH EN-99047 1 495.00 English Books

© Delhi Public Library
Hit Counter
free hit counter